[Event "Haifa Channukah"]
[Site "Haifa"]
[Date "2010.12.05"]
[Round "5.1"]
[White "Fraas, Martin"]
[Black "Zilberman, Yaacov"]
[Result "1/2-1/2"]
[WhiteElo "2240"]
[BlackElo "2481"]
[PlyCount "114"]
[EventDate "2010.12.01"]
[EventType "tourn"]
[EventRounds "9"]
[EventCountry "ISR"]
[EventCategory "6"]
[SourceTitle "CBM 139 Extra"]
[Source "ChessBase"]
[SourceDate "2011.01.05"]
[SourceVersion "1"]
[SourceVersionDate "2011.01.05"]
[SourceQuality "1"]

1. e4 d5 2. exd5 Qxd5 3. Nc3 Qa5 4. d4 Nf6 5. Nf3 Bf5 6. Bd3 Nc6 7. 0-0 e6 8. Bb5 Bd6 9. Nd2 Nd5 10. Nc4 Qb4 11. Nxd5 exd5 12. Qe2+ Kf8 13. Nxd6 Nxd4 14. Qe3 cxd6 15. c3 Qxb5 16. Qxd4 Qc4 17. Bf4 Rd8 18. Rfe1 Be6 19. Bg5 Ra8 20. Qe3 h6 21. Bf4 Qa6 22. a4 Kg8 23. b4 Qc6 24. Qd3 Rc8 25. Rac1 a6 26. b5 Qc4 27. Qxc4 Rxc4 28. Bxd6 Rxa4 29. bxa6 bxa6 30. Ra1 Rc4 31. Be5 Rc6 32. Ra5 f6 33. Bd4 Kf7 34. Rb1 Ra8 35. Rb7+ Kg6 36. f3 h5 37. Kf2 h4 38. Ke3 Re8 39. Kf2 Bc8 40. Rb1 Rce6 41. Rb2 Rd6 42. Bc5 Rde6 43. Bd4 Rd8 44. Rb8 Rde8 45. Rb2 Bd7 46. Rxd5 Bb5 47. Rc5 Bd3 48. h3 Re1 49. g4 hxg3+ 50. Kxg3 R8e7 51. Rd2 Bf5 52. Rc6 a5 53. Ra6 Rh1 54. Rxa5 Rxh3+ 55. Kg2 Rh8 56. Kg3 Re1 57. Rh2 Rxh2 1/2-1/2

[Event "CZE-chT1W 0708"]
[Site "Czech Republic"]
[Date "2007.11.25"]
[Round "3.5"]
[White "Novotny, Michal"]
[Black "Fraas, Martin"]
[Result "1/2-1/2"]
[WhiteElo "2278"]
[BlackElo "2191"]
[PlyCount "146"]
[EventDate "2007.10.28"]
[EventType "team"]
[EventRounds "11"]
[EventCountry "CZE"]
[SourceTitle "EXT 2009"]
[Source "ChessBase"]
[SourceDate "2008.11.26"]
[SourceVersion "1"]
[SourceVersionDate "2008.11.26"]
[SourceQuality "1"]
[WhiteTeam "Chrudim"]
[BlackTeam "Praha Holdia"]
[WhiteTeamCountry "CZE"]
[BlackTeamCountry "CZE"]

1. d4 Nf6 2. c4 e6 3. Nc3 Bb4 4. e3 0-0 5. Bd3 d5 6. Nf3 b6 7. 0-0 Bb7 8. a3 Bxc3 9. bxc3 c5 10. a4 Ne4 11. Qc2 Nd7 12. Ba3 Rc8 13. Rac1 Re8 14. Rfd1 Qc7 15. Qb1 h6 16. cxd5 exd5 17. c4 Ndf6 18. cxd5 Bxd5 19. dxc5 Nxc5 20. Bxc5 bxc5 21. Bc4 Bxf3 22. gxf3 Rb8 23. Qa2 Rb4 24. Rd2 Re7 25. Rcd1 Rb8 26. a5 Qb7 27. Rd8+ Rxd8 28. Rxd8+ Re8 29. a6 Qc7 30. Rd1 Rb8 31. Qd2 Qe5 32. Qd6 Qg5+ 33. Qg3 Kf8 34. e4 Ke7 35. Kf1 Qxg3 36. hxg3 Rb4 37. Rc1 Rb2 38. Bd3 Nd7 39. f4 f6 40. Be2 Kd6 41. Bg4 Nb8 42. e5+ fxe5 43. Rd1+ Ke7 44. fxe5 Rb6 45. Bc8 c4 46. Ke2 Rc6 47. Bb7 Rb6 48. Bd5 c3 49. Kd3 Rxa6 50. Rb1 Nd7 51. f4 Nb6 52. Bb3 Na4 53. Bc2 Nc5+ 54. Kxc3 Rc6 55. Kd2 Rc7 56. Rb8 Ke6 57. Bh7 a5 58. Ra8 Nb3+ 59. Ke3 Rc3+ 60. Kf2 Kd5 61. Bg8+ Ke4 62. Bxb3 Rxb3 63. Rxa5 Rb2+ 64. Kf1 Kf3 65. Ra3+ Ke4 66. Ra1 Kf5 67. Re1 g5 68. e6 Rb8 69. Re5+ Kf6 70. Kf2 Re8 71. Kf3 Rxe6 72. Rxe6+ Kxe6 73. fxg5 hxg5 1/2-1/2

[Event "EU Maccabi Games 12th"]
[Site "Rome"]
[Date "2007.07.10"]
[Round "6"]
[White "Klein, Dominik"]
[Black "Fraas, Martin"]
[Result "0-1"]
[WhiteElo "1935"]
[BlackElo "2175"]
[PlyCount "148"]
[EventDate "2007.07.05"]
[EventType "swiss"]
[EventRounds "7"]
[EventCountry "ITA"]
[SourceTitle "CBM 119 Extra"]
[Source "ChessBase"]
[SourceDate "2007.09.04"]
[SourceVersion "1"]
[SourceVersionDate "2007.09.04"]
[SourceQuality "1"]

1. e4 e5 2. Nf3 Nc6 3. d4 exd4 4. Nxd4 Bc5 5. Nxc6 Qf6 6. Qf3 Qxf3 7. gxf3 bxc6 8. Be3 Bxe3 9. fxe3 Ne7 10. Nd2 0-0 11. Nb3 d6 12. Kf2 Rb8 13. Rd1 Bb7 14. Rd4 c5 15. Ra4 Nc6 16. Bc4 Kh8 17. Rd1 f5 18. exf5 Rxf5 19. e4 Rf4 20. Ke3 Rbf8 21. Be2 Bc8 22. Rf1 h6 23. Bb5 Ne5 24. Rxa7 Rxf3+ 25. Rxf3 Rxf3+ 26. Kd2 Be6 27. Rxc7 Rf2+ 28. Kc3 Rxh2 29. Re7 Rh3+ 30. Kd2 Nf3+ 31. Kc3 Ne5+ 32. Kd2 Bg4 33. a4 Rh2+ 34. Kc3 Bd1 35. Na1 Rh3+ 36. Kd2 Bf3 37. a5 Bxe4 38. a6 Nf3+ 39. Ke3 Bd5 40. Re8+ Kh7 41. a7 Nd4+ 42. Kf4 Nxb5 43. a8Q Bxa8 44. Rxa8 Nd4 45. Ra6 Rf3+ 46. Kg4 Rf6 47. c3 Ne2 48. Nb3 Kg6 49. Nd2 h5+ 50. Kh3 Nf4+ 51. Kg3 Kf5 52. Nc4 d5 53. Rxf6+ Kxf6 54. Nb6 Kf5 55. b3 Ne2+ 56. Kf3 Nxc3 57. Nd7 Ke6 58. Nxc5+ Kd6 59. Nd3 g5 60. Kg3 Ne4+ 61. Kg2 Nc5 62. Nf2 Nxb3 63. Nh3 g4 64. Nf4 d4 65. Nxh5 d3 66. Nf6 d2 67. Ne4+ Ke5 68. Nf2 Kf4 69. Nd1 Na5 70. Kf2 Nc4 71. Ke2 g3 72. Nc3 Kg4 73. Kf1 Kf3 74. Nd1 Ne3+ 0-1

[Event "Prague Abner Memorial"]
[Site "Prague"]
[Date "2007.06.22"]
[Round "9"]
[White "Meduna, Eduard"]
[Black "Fraas, Martin"]
[Result "1-0"]
[WhiteElo "2399"]
[BlackElo "2164"]
[PlyCount "63"]
[EventDate "2007.06.15"]
[EventType "tourn"]
[EventRounds "11"]
[EventCountry "CZE"]
[EventCategory "1"]
[SourceTitle "EXT 2008"]
[Source "ChessBase"]
[SourceDate "2007.11.25"]
[SourceVersion "1"]
[SourceVersionDate "2007.11.25"]
[SourceQuality "1"]

1. d4 d6 2. c4 e5 3. Nf3 exd4 4. Nxd4 g6 5. Nc3 Bg7 6. e4 Nc6 7. Be3 Nge7 8. Be2 0-0 9. 0-0 f5 10. Nxc6 bxc6 11. Bd4 Bxd4 12. Qxd4 c5 13. Qd2 fxe4 14. Nxe4 Bf5 15. Bf3 Qd7 16. Nf6+ Rxf6 17. Bxa8 c6 18. Rfe1 Be6 19. b4 Bxc4 20. bxc5 Bd5 21. Rab1 Bxg2 22. Qg5 Bd5 23. Rxe7 Qxe7 24. Rb8+ Kf7 25. Rb7 Qxb7 26. Bxb7 Bxa2 27. Bxc6 dxc5 28. Qxc5 Kg7 29. Qxa7+ Bf7 30. Qd4 Be6 31. f3 Kf7 32. Qa7+ 1-0

[Event "Prague Abner Memorial"]
[Site "Prague"]
[Date "2007.06.21"]
[Round "8"]
[White "Fraas, Martin"]
[Black "Cifka, Stanislav"]
[Result "0-1"]
[WhiteElo "2164"]
[BlackElo "2370"]
[PlyCount "79"]
[EventDate "2007.06.15"]
[EventType "tourn"]
[EventRounds "11"]
[EventCountry "CZE"]
[EventCategory "1"]
[SourceTitle "EXT 2008"]
[Source "ChessBase"]
[SourceDate "2007.11.25"]
[SourceVersion "1"]
[SourceVersionDate "2007.11.25"]
[SourceQuality "1"]

1. e4 c5 2. c3 Nf6 3. e5 Nd5 4. Nf3 Nc6 5. Bc4 Nb6 6. Bb3 c4 7. Bc2 Qc7 8. Qe2 g5 9. Nxg5 Qxe5 10. d4 cxd3 11. Bxd3 Qxe2+ 12. Bxe2 Bg7 13. 0-0 d5 14. a4 Bf5 15. a5 Nc4 16. a6 b6 17. Rd1 e6 18. Na3 Nxa3 19. Rxa3 0-0 20. Nf3 Rfd8 21. Bb5 Rac8 22. Bxc6 Rxc6 23. Bg5 Rdc8 24. h3 Rc4 25. Be3 Bg6 26. Nd4 e5 27. Nb5 d4 28. cxd4 exd4 29. Bf4 R4c5 30. Nd6 R8c6 31. Re1 h5 32. Re8+ Kh7 33. Ne4 Rd5 34. Ng5+ Rxg5 35. Bxg5 f6 36. Re7 fxg5 37. Rxa7 Rd6 38. Kf1 d3 39. Ke1 d2+ 40. Kd1 0-1

[Event "Prague Abner Memorial"]
[Site "Prague"]
[Date "2007.06.19"]
[Round "6"]
[White "Fraas, Martin"]
[Black "Konopka, Michal"]
[Result "0-1"]
[WhiteElo "2164"]
[BlackElo "2418"]
[PlyCount "60"]
[EventDate "2007.06.15"]
[EventType "tourn"]
[EventRounds "11"]
[EventCountry "CZE"]
[EventCategory "1"]
[SourceTitle "EXT 2008"]
[Source "ChessBase"]
[SourceDate "2007.11.25"]
[SourceVersion "1"]
[SourceVersionDate "2007.11.25"]
[SourceQuality "1"]

1. e4 Nf6 2. e5 Nd5 3. Nf3 d6 4. exd6 cxd6 5. d4 g6 6. c4 Nb6 7. Nc3 Bg7 8. Be2 0-0 9. 0-0 Nc6 10. Be3 Bg4 11. Nd2 Bxe2 12. Nxe2 d5 13. c5 Nc8 14. b4 a6 15. Qb3 e6 16. a4 b6 17. b5 Na5 18. Qb4 axb5 19. axb5 bxc5 20. dxc5 Nc6 21. Rxa8 Nxb4 22. Rb1 d4 23. Bf4 Qd5 24. Ra4 Nd3 25. c6 e5 26. b6 Nxb6 27. Rxb6 Qc5 28. Rb3 Nxf4 29. Nxf4 Qc1+ 30. Nf1 Qxc6 0-1

[Event "Liechtenstein op 25th"]
[Site "Triesen"]
[Date "2007.05.17"]
[Round "7"]
[White "Fraas, Martin"]
[Black "Sedina, Elena"]
[Result "0-1"]
[WhiteElo "2164"]
[BlackElo "2352"]
[PlyCount "82"]
[EventDate "2007.05.11"]
[EventType "swiss"]
[EventRounds "9"]
[EventCountry "LIE"]
[SourceTitle "CBM 118 Extra"]
[Source "ChessBase"]
[SourceDate "2007.07.04"]
[SourceVersion "1"]
[SourceVersionDate "2007.07.04"]
[SourceQuality "1"]

1. e4 e6 2. d4 d5 3. Nd2 c5 4. exd5 exd5 5. Ngf3 Nc6 6. dxc5 Bxc5 7. Nb3 Bb6 8. Be2 Nf6 9. 0-0 0-0 10. Bg5 h6 11. Bh4 g5 12. Bg3 Ne4 13. c4 dxc4 14. Bxc4 Qxd1 15. Raxd1 Bg4 16. Bd5 Nxg3 17. hxg3 Rfe8 18. Rfe1 Rad8 19. Rxe8+ Rxe8 20. Re1 Rd8 21. Bxc6 bxc6 22. Ne5 Re8 23. Kf1 Be6 24. Nc1 Ba5 25. Rd1 Bxa2 26. Nxc6 Bc4+ 27. Kg1 Bb6 28. Nb4 Kg7 29. Nbd3 Rd8 30. Kf1 f5 31. Rd2 Kf6 32. Ke1 Ba5 33. b4 Bb6 34. Kd1 Rd4 35. Kc2 Bd5 36. Re2 Bxg2 37. Nb3 Rxd3 38. Kxd3 Bf1 39. Kd2 Bxe2 40. Kxe2 Ke5 41. Kd3 Bxf2 0-1

[Event "CZE-chT1W 0607"]
[Site "Czech Republic"]
[Date "2007.03.04"]
[Round "9.5"]
[White "Fraas, Martin"]
[Black "Schula, Michal"]
[Result "0-1"]
[WhiteElo "2181"]
[BlackElo "2230"]
[PlyCount "74"]
[EventDate "2006.10.29"]
[EventType "team"]
[EventRounds "11"]
[EventCountry "CZE"]
[SourceTitle "EXT 2009"]
[Source "ChessBase"]
[SourceDate "2008.11.26"]
[SourceVersion "1"]
[SourceVersionDate "2008.11.26"]
[SourceQuality "1"]
[WhiteTeam "Praha Holdia"]
[BlackTeam "Vrsovice"]
[WhiteTeamCountry "CZE"]
[BlackTeamCountry "CZE"]

1. e4 c5 2. c3 Nf6 3. e5 Nd5 4. Nf3 Nc6 5. Bc4 Nb6 6. Bb3 c4 7. Bc2 d6 8. exd6 Qxd6 9. d4 cxd3 10. Qxd3 Qxd3 11. Bxd3 e5 12. 0-0 Bd6 13. Rd1 Bg4 14. Be4 0-0-0 15. h3 Bh5 16. a4 a5 17. Re1 Bxf3 18. Bxf3 f5 19. Na3 e4 20. Bd1 Rhe8 21. Nb5 Bc5 22. Bg5 Rd7 23. Bh5 g6 24. Be2 Ne5 25. b4 axb4 26. cxb4 Bxb4 27. Rec1+ Kb8 28. Be3 Nd5 29. Ba7+ Ka8 30. a5 Nd3 31. Rc2 Nc3 32. Nxc3 Bxc3 33. Rxc3 Kxa7 34. Rd1 Re5 35. Bxd3 Red5 36. a6 Rxd3 37. Rdxd3 exd3 0-1

[Event "CZE-chT1W 0607"]
[Site "Czech Republic"]
[Date "2006.10.29"]
[Round "1.4"]
[White "Novotny, Michal"]
[Black "Fraas, Martin"]
[Result "1/2-1/2"]
[WhiteElo "2238"]
[BlackElo "2181"]
[PlyCount "44"]
[EventDate "2006.10.29"]
[EventType "team"]
[EventRounds "11"]
[EventCountry "CZE"]
[SourceTitle "EXT 2009"]
[Source "ChessBase"]
[SourceDate "2008.11.26"]
[SourceVersion "1"]
[SourceVersionDate "2008.11.26"]
[SourceQuality "1"]
[WhiteTeam "Chrudim"]
[BlackTeam "Praha Holdia"]
[WhiteTeamCountry "CZE"]
[BlackTeamCountry "CZE"]

1. e4 e5 2. Nf3 Nc6 3. d4 exd4 4. Nxd4 Nxd4 5. Qxd4 Qf6 6. Be3 Qxd4 7. Bxd4 b6 8. Nc3 Bb7 9. 0-0-0 0-0-0 10. Bc4 f6 11. g4 Ne7 12. Rhg1 Ng6 13. g5 fxg5 14. Rxg5 Bd6 15. Kb1 Rhf8 16. Rf1 Bf4 17. Rh5 Bh6 18. f3 Nf4 19. Re5 Ng6 20. Rh5 Nf4 21. Re5 Ng6 22. Rh5 Nf4 1/2-1/2

[Event "SVK-chT1W 0506"]
[Site "Slovakia"]
[Date "2006.??.??"]
[Round "?"]
[White "Kralovic, Andrej"]
[Black "Fraas, Martin"]
[Result "1/2-1/2"]
[WhiteElo "2075"]
[BlackElo "2205"]
[PlyCount "112"]
[EventDate "2005.10.15"]
[EventType "team-tourn"]
[EventRounds "11"]
[EventCountry "SVK"]
[SourceTitle "EXT 2008"]
[Source "ChessBase"]
[SourceDate "2007.11.25"]
[SourceVersion "1"]
[SourceVersionDate "2007.11.25"]
[SourceQuality "1"]

1. c4 d6 2. Nc3 e5 3. g3 g6 4. Bg2 Bg7 5. e3 Ne7 6. Nge2 0-0 7. 0-0 c5 8. a3 Nbc6 9. Rb1 Be6 10. Nd5 Rb8 11. Nec3 f5 12. d3 Kh8 13. Bd2 Bg8 14. b4 Nxd5 15. Nxd5 Ne7 16. f4 Nxd5 17. cxd5 b5 18. Qb3 Qb6 19. Kh1 Rfc8 20. Rbc1 Rc7 21. fxe5 dxe5 22. bxc5 Rxc5 23. e4 Rxc1 24. Bxc1 Qc7 25. Be3 Qd7 26. Rc1 Rf8 27. Qc3 f4 28. gxf4 exf4 29. Bd4 f3 30. Bh3 Bxd4 31. Qxd4+ Qg7 32. Qxg7+ Kxg7 33. Rc7+ Kf6 34. Rxa7 Ke5 35. Rc7 Kd4 36. Bf1 Ra8 37. d6 Be6 38. Re7 Bg4 39. Kg1 Rd8 40. h3 Bc8 41. e5 Ke3 42. d4 Bf5 43. d5 Kf4 44. Kf2 Rc8 45. Rc7 Rxc7 46. dxc7 Kxe5 47. Bxb5 Bxh3 48. Ba6 Kxd5 49. c8Q Bxc8 50. Bxc8 Kc4 51. Bd7 Kb3 52. a4 Kb4 53. Kxf3 h6 54. Kf4 Ka5 55. Ke5 g5 56. Kd4 Kb4 1/2-1/2

[Event "SVK-chT1W 0506"]
[Site "Slovakia"]
[Date "2005.??.??"]
[Round "?"]
[White "Fraas, Martin"]
[Black "Godula, Martin"]
[Result "0-1"]
[WhiteElo "2205"]
[BlackElo "2160"]
[PlyCount "56"]
[EventDate "2005.10.15"]
[EventType "team-tourn"]
[EventRounds "11"]
[EventCountry "SVK"]
[SourceTitle "EXT 2008"]
[Source "ChessBase"]
[SourceDate "2007.11.25"]
[SourceVersion "1"]
[SourceVersionDate "2007.11.25"]
[SourceQuality "1"]

1. e4 c5 2. c3 d5 3. exd5 Qxd5 4. d4 Nc6 5. Nf3 Nf6 6. Be2 e6 7. 0-0 cxd4 8. cxd4 Be7 9. Nc3 Qd8 10. a3 0-0 11. Be3 Nd5 12. Bc4 a6 13. Qe2 b5 14. Ba2 Nxe3 15. Qxe3 b4 16. d5 bxc3 17. dxc6 cxb2 18. Rad1 Qa5 19. Rd3 Bf6 20. Bb1 Rb8 21. Rfd1 Rb5 22. Rd6 Rc5 23. Nd2 Rc3 24. Qe4 Qf5 25. Qa4 Qh5 26. Ne4 Be5 27. Rd8 Rc1 28. f3 Rxd8 0-1

[Event "SVK-chT1W 0001"]
[Site "Slovakia"]
[Date "2001.??.??"]
[Round "9"]
[White "Fraas, Martin"]
[Black "Janko, Ladislav"]
[Result "0-1"]
[WhiteElo "2196"]
[BlackElo "2165"]
[PlyCount "82"]
[EventDate "2000.??.??"]
[EventType "team"]
[EventRounds "11"]
[EventCountry "SVK"]
[SourceTitle "EXT 2002"]
[Source "ChessBase"]
[SourceDate "2001.11.25"]
[SourceVersion "1"]
[SourceVersionDate "2001.11.25"]
[SourceQuality "1"]

1. e4 c6 2. c3 d5 3. d3 g6 4. Qa4 Nd7 5. Be3 Bg7 6. Nd2 Ngf6 7. h3 0-0 8. Ne2 Qc7 9. g3 b6 10. Bg2 Bb7 11. 0-0 c5 12. Nf4 Bc6 13. Qb3 d4 14. cxd4 cxd4 15. Bxd4 e5 16. Rac1 Qb7 17. Ne2 exd4 18. Nxd4 Nc5 19. Rxc5 bxc5 20. Nxc6 Qxb3 21. Nxb3 Nd7 22. e5 Rae8 23. f4 Kh8 24. Rc1 f6 25. Nxc5 Nxc5 26. Rxc5 fxe5 27. fxe5 Bh6 28. Rc2 Be3+ 29. Kh2 h5 30. Re2 Bf2 31. h4 g5 32. hxg5 h4 33. gxh4 Bxh4 34. g6 Kg7 35. Be4 Bg5 36. Kg2 Bh4 37. d4 Rf4 38. e6 Ref8 39. Kg1 Bf2+ 40. Kg2 Rg4+ 41. Kh3 Rg3+ 0-1

[Event "SVK-chT3B 0102"]
[Site "Slovakia"]
[Date "2001.??.??"]
[Round "2"]
[White "Regec, Stanislav"]
[Black "Fraas, Martin"]
[Result "1/2-1/2"]
[WhiteElo "2085"]
[BlackElo "2210"]
[PlyCount "82"]
[EventDate "2001.10.??"]
[EventType "team"]
[EventRounds "9"]
[EventCountry "SVK"]
[SourceTitle "EXT 2006"]
[Source "ChessBase"]
[SourceDate "2005.11.24"]
[SourceVersion "1"]
[SourceVersionDate "2005.11.24"]
[SourceQuality "1"]

1. d4 d5 2. Nf3 Nf6 3. c4 c6 4. e3 e6 5. Nc3 Be7 6. Bd2 0-0 7. Rc1 Nbd7 8. cxd5 exd5 9. Bd3 Re8 10. 0-0 Bd6 11. Qc2 Qe7 12. Nh4 g6 13. g3 Ne4 14. Ng2 Ndf6 15. f3 Nxd2 16. Qxd2 Bb4 17. a3 Ba5 18. Rce1 Bh3 19. Rf2 Rad8 20. Nf4 Bc8 21. h4 c5 22. Rfe2 cxd4 23. exd4 Qf8 24. Rxe8 Rxe8 25. b4 Bb6 26. Ncxd5 Bxd4+ 27. Kg2 Nxd5 28. Nxd5 Rxe1 29. Qxe1 Be6 30. Nf4 Bd7 31. h5 Qd6 32. hxg6 hxg6 33. Bc4 Kg7 34. Qe4 b5 35. Bd5 Qe5 36. Qd3 Qe3 37. Qxe3 Bxe3 38. Nd3 Bf5 39. Be4 Bxe4 40. fxe4 Bb6 41. Kf3 Kf6 1/2-1/2

[Event "SVK-ch U20"]
[Site "Bratislava"]
[Date "2000.06.29"]
[Round "3"]
[White "Fraas, Martin"]
[Black "Kujovic, Michal"]
[Result "0-1"]
[WhiteElo "2215"]
[BlackElo "2272"]
[PlyCount "58"]
[EventDate "2000.06.27"]
[EventType "tourn"]
[EventRounds "7"]
[EventCountry "SVK"]
[SourceTitle "EXT 2001"]
[Source "ChessBase"]
[SourceDate "2000.11.22"]
[SourceVersion "1"]
[SourceVersionDate "2000.11.22"]
[SourceQuality "1"]

1. e4 e5 2. Nf3 Nc6 3. Bc4 Be7 4. 0-0 Nf6 5. d3 0-0 6. a3 d5 7. exd5 Nxd5 8. Qe1 Qd6 9. Nbd2 Nf4 10. Ne4 Qg6 11. Ng3 Bd6 12. Qe4 Qf6 13. h3 Bd7 14. b4 Rad8 15. Bb2 a6 16. Rfe1 Kh8 17. h4 Qh6 18. a4 f5 19. Qe3 Nxb4 20. Nxe5 Nxc2 21. Nxd7 Nxe3 22. Nxf8 Rxf8 23. Rxe3 Bc5 24. Rf3 Qxh4 25. Re1 Qg4 26. Re5 Bd6 27. Ree3 h6 28. Rxf4 Bxf4 29. Re7 Bxg3 0-1

[Event "SVK-ch U20"]
[Site "Bratislava"]
[Date "2000.06.28"]
[Round "2"]
[White "Rigo, Zsolt"]
[Black "Fraas, Martin"]
[Result "1/2-1/2"]
[WhiteElo "2268"]
[BlackElo "2215"]
[PlyCount "34"]
[EventDate "2000.06.27"]
[EventType "tourn"]
[EventRounds "7"]
[EventCountry "SVK"]
[SourceTitle "EXT 2001"]
[Source "ChessBase"]
[SourceDate "2000.11.22"]
[SourceVersion "1"]
[SourceVersionDate "2000.11.22"]
[SourceQuality "1"]

1. e4 Nc6 2. Nc3 Nf6 3. d4 d5 4. e5 Nd7 5. Nxd5 Ndb8 6. Ne3 Qxd4 7. Qxd4 Nxd4 8. f4 g5 9. fxg5 Bg7 10. Nf3 Nbc6 11. c3 Nxf3+ 12. gxf3 Bxe5 13. Nc4 Bf5 14. Nxe5 Nxe5 15. Kf2 0-0-0 16. Bf4 Nd3+ 17. Bxd3 Rxd3 1/2-1/2

[Event "SVK-chT 9900"]
[Site "Slovakia"]
[Date "2000.??.??"]
[Round "7"]
[White "Fraas, Martin"]
[Black "Todor, Razvan"]
[Result "1-0"]
[WhiteElo "2192"]
[BlackElo "2186"]
[PlyCount "47"]
[EventDate "1999.??.??"]
[EventType "team"]
[EventRounds "11"]
[EventCountry "SVK"]
[SourceTitle "EXT 2001"]
[Source "ChessBase"]
[SourceDate "2000.11.22"]
[SourceVersion "1"]
[SourceVersionDate "2000.11.22"]
[SourceQuality "1"]

1. Nf3 c5 2. e4 Nc6 3. c3 d5 4. exd5 Qxd5 5. d4 Bg4 6. Be2 cxd4 7. cxd4 Nf6 8. Nc3 Qd6 9. d5 Bxf3 10. Bxf3 Ne5 11. 0-0 Nxf3+ 12. Qxf3 g6 13. Bf4 Qd7 14. d6 Qc6 15. Qe3 Ng4 16. Qe2 Nf6 17. Rac1 a6 18. Be5 Bh6 19. Bxf6 0-0 20. Bxe7 Bxc1 21. Rxc1 Rfe8 22. Rd1 Rad8 23. Ne4 Rxe7 24. Nf6+ 1-0